000 00415 a2200133 4500
003 Nust
005 20170207171609.0
040 _cNust
082 _a799
245 _a21-Comdt Address to Faculty Members( Mil & Civ Incl TVFs,Photographs-2016
_cMCS
260 _aRawalpindi
_bMCS
_c09-02-2016
650 _a21-Comdt Address to Faculty Members( Mil & Civ Incl TVFs,Photographs-2016,DVD No 26 (Vol-I)
651 _aSweet Memories-MCS
942 _cBK
999 _c217659
_d217659